000 00855cam a22002537 4500
001 31609
005 20230404130024.0
008 910116s2002 flu 000 0 spa
035 _9(DLC)ltf90030992
035 _a10519923
010 _altf90030992
040 _aDLC
_cDLC
_dDLC
050 1 4 _a107 F 1787
_bB982b 2002
100 1 _aBustamante y Sirvén, Antonio Sánchez de,
_d1865-1951.
245 1 0 _aBustamante :
_bfragmentos inmortales /
_c[Antonio Sánchez de Bustamante y Sirvén] ; introducción del Dr. Alberto Sánchez de Bustamante y Parajón.
250 _aEd. facsimilar
260 _aMiami, [FL] :
_bEditorial Cubana,
_c2002
300 _axxiii, 401 p. ;
_c23 cm.
600 1 0 _aBustamante y Sirvén, Antonio Sánchez de,
_d1865-1961.
651 0 _aCuba
_xHistory
650 0 _aPatriotism
_zCuba
942 _2lcc
_cbk
985 _fcc27
_genh
999 _c9381
_d9381